Stanovenie hodnoty nehnuteľnosti vybranou metódu v podmienkach SR bakalárska práca

Na minha lista:
Detalhes bibliográficos
Autor principal: Kuchta, Matúš
Autor Corporativo: Národohospodárska fakulta EU. Katedra financií
Outros Autores: Jančovičová Bognárová, Kristína, 1979-
Formato: Livro
Idioma:eslovaco
Publicado em: Bratislava 2023
Tags: Adicionar Tag
Sem tags, seja o primeiro a adicionar uma tag!

MARC

LEADER 00000nbm a2200000 4500
001 0294694
005 20231110140717.9
041 0 |a slo 
044 |a SK 
245 1 0 |a Stanovenie hodnoty nehnuteľnosti vybranou metódu v podmienkach SR  |b bakalárska práca  |c Matúš Kuchta ; školiteľ: Kristína Jančovičová Bognárová 
264 1 |a Bratislava  |c 2023 
300 |a 51 s. 
100 1 |a Kuchta, Matúš 
700 1 |a Jančovičová Bognárová, Kristína, 1979- 
710 2 |a Národohospodárska fakulta EU. Katedra financií